[Event "BL 1617 SV Mülheim Nord - DJK Aachen"]
[Site "?"]
[Date "2017.04.09"]
[Round "12.7"]
[White "Zaragatski, Ilja"]
[Black "Dinstuhl, Volkmar"]
[Result "1/2-1/2"]
[WhiteElo "2509"]
[BlackElo "2397"]
[PlyCount "71"]
[EventDate "2017.??.??"]

1. Nf3 d5 2. g3 g6 3. c4 dxc4 4. Na3 Bg7 5. Nxc4 Nc6 6. Bg2 e5 7. O-O Nge7 8.
d3 O-O 9. Bd2 Nf5 10. Rc1 Re8 11. Na5 Nxa5 12. Bxa5 b6 13. Bc3 Bb7 14. e4 Nd4
15. Bxd4 exd4 16. Nd2 c5 17. f4 Qd7 18. a4 Ba6 19. Nc4 b5 20. axb5 Bxb5 21. e5
Bc6 22. Bxc6 Qxc6 23. Qf3 Qxf3 24. Rxf3 Reb8 25. Ra1 a5 26. Ra3 a4 27. Rf1 Rb3
28. Rfa1 Rab8 29. Rxb3 Rxb3 30. Rxa4 Rxd3 31. Ra8+ Bf8 32. Nb6 Kg7 33. Nd7 Re3
34. Rxf8 d3 35. Rd8 d2 36. Nxc5 1/2-1/2

[Event "BL 1617 SV Mülheim Nord - DJK Aachen"]
[Site "?"]
[Date "2017.04.09"]
[Round "12.8"]
[White "Beerdsen, Thomas"]
[Black "van Foreest, Lucas"]
[Result "1-0"]
[WhiteElo "2446"]
[BlackElo "2477"]
[PlyCount "91"]
[EventDate "2017.??.??"]

1. e4 e5 2. Nf3 Nc6 3. d4 exd4 4. Bc4 Bc5 5. c3 Nf6 6. e5 d5 7. Be2 d3 8. exf6
dxe2 9. Qxe2+ Kf8 10. Bg5 Qe8 11. Qxe8+ Kxe8 12. fxg7 Rg8 13. Bf4 Bb6 14. O-O
f6 15. Na3 Rxg7 16. Rfe1+ Kf7 17. Rad1 Be6 18. Nb5 Rc8 19. Be3 Bg4 20. Kf1 Bxf3
21. gxf3 a6 22. Nd6+ cxd6 23. Bxb6 Ne5 24. f4 Nf3 25. Re3 Nxh2+ 26. Ke2 Ng4 27.
Rh3 f5 28. Bd4 Nf6 29. Bxf6 Kxf6 30. Rh6+ Ke7 31. Rxd5 Rc6 32. Rxf5 Rc4 33.
Rff6 Rc6 34. f5 Rb6 35. b3 Kd7 36. Kd3 Kc7 37. c4 Rc6 38. Re6 Rc5 39. f6 Rd7
40. Re7 Rxe7 41. fxe7 Kd7 42. Rxd6+ Kxe7 43. Rh6 b5 44. Rxh7+ Kd8 45. Rh4 Rf5
46. Rd4+ 1-0

[Event "BL 1617 Schachfr. Berlin - OSG Baden Ba"]
[Site "?"]
[Date "2017.04.09"]
[Round "12.1"]
[White "Wojtaszek, Radoslaw"]
[Black "Melkumyan, Hrant"]
[Result "1/2-1/2"]
[WhiteElo "2745"]
[BlackElo "2619"]
[PlyCount "114"]
[EventDate "2017.??.??"]

1. d4 d5 2. c4 e6 3. Nc3 Nf6 4. Bg5 Be7 5. e3 h6 6. Bh4 O-O 7. Rc1 Ne4 8. Bxe7
Qxe7 9. Qc2 Nxc3 10. Qxc3 c6 11. f4 c5 12. dxc5 Qxc5 13. Nf3 Nc6 14. cxd5 Qxd5
15. Bc4 Qc5 16. Kf2 Bd7 17. a3 Rfd8 18. b4 Qb6 19. Be2 Ne7 20. Qc5 Qxc5 21.
Rxc5 Rdc8 22. Ne5 Be8 23. Rhc1 Rxc5 24. bxc5 Rc8 25. Rb1 Rc7 26. e4 Kf8 27. Nc4
Nc6 28. Nd6 Nd8 29. Rc1 Ke7 30. Ke3 Bd7 31. Bb5 Bc6 32. g3 a6 33. Bd3 Bd7 34.
e5 Bc6 35. h4 h5 36. Be2 g6 37. g4 hxg4 38. Bxg4 Bd5 39. Be2 Kf8 40. Rc2 Ke7
41. Kd3 Kf8 42. h5 gxh5 43. Bxh5 Bc6 44. Be2 f6 45. exf6 Rh7 46. Bf1 Rh6 47.
Bg2 Bxg2 48. Rxg2 Rxf6 49. Ke4 Rh6 50. Nc4 Rh5 51. Ne5 Nc6 52. Nxc6 bxc6 53.
Rg5 Rh7 54. Ke5 Ke7 55. a4 a5 56. Rg6 Rh5+ 57. Rg5 Rh7 1/2-1/2

[Event "BL 1617 Schachfr. Berlin - OSG Baden Ba"]
[Site "?"]
[Date "2017.04.09"]
[Round "12.2"]
[White "Vocaturo, Daniele"]
[Black "Vallejo Pons, Francisco"]
[Result "0-1"]
[WhiteElo "2594"]
[BlackElo "2710"]
[PlyCount "114"]
[EventDate "2017.??.??"]

1. e4 e5 2. Nf3 Nf6 3. d4 Nxe4 4. Bd3 Nc6 5. dxe5 Nc5 6. O-O Nxd3 7. Qxd3 d6 8.
exd6 Qxd6 9. Qe4+ Qe7 10. Qf4 Be6 11. Rd1 Rd8 12. Re1 h6 13. Nc3 g5 14. Qg3 Bg7
15. Ne4 O-O 16. Be3 b6 17. Nexg5 hxg5 18. Bxg5 f6 19. Bf4 Qf7 20. Bxc7 Rd7 21.
Bf4 Bf5 22. c3 Qg6 23. h3 Qxg3 24. Bxg3 Kf7 25. Bf4 Rfd8 26. Re2 Bf8 27. Rae1
Rd1 28. Rxd1 Rxd1+ 29. Re1 Rxe1+ 30. Nxe1 Bb1 31. a3 Ne5 32. Bc1 a5 33. b4 a4
34. f4 Nc4 35. g4 f5 36. Nf3 Bg7 37. Nd2 Bd3 38. Nxc4 Bxc4 39. Bd2 fxg4 40.
hxg4 Be2 41. g5 Bd3 42. Kf2 b5 43. Kg3 Ke6 44. Kg4 Be2+ 45. Kg3 Bd1 46. Be1 Kf5
47. Bd2 Ke4 48. Be1 Bh5 49. Bd2 Bh8 50. Kh4 Bg6 51. Kg4 Bg7 52. Be1 Bf5+ 53.
Kg3 Kd3 54. Kh4 Ke2 55. Bg3 Bxc3 56. g6 Bxg6 57. Kg5 Bf7 0-1

[Event "BL 1617 Schachfr. Berlin - OSG Baden Ba"]
[Site "?"]
[Date "2017.04.09"]
[Round "12.3"]
[White "Bacrot, Etienne"]
[Black "Kraemer, Martin"]
[Result "1/2-1/2"]
[WhiteElo "2696"]
[BlackElo "2574"]
[PlyCount "106"]
[EventDate "2017.??.??"]

1. e4 c5 2. Nf3 d6 3. d4 cxd4 4. Nxd4 Nf6 5. Nc3 a6 6. h3 e5 7. Nde2 h5 8. g3
Be6 9. Bg2 b5 10. Be3 Nbd7 11. O-O Rc8 12. f4 Be7 13. b3 Nc5 14. a3 O-O 15. Qe1
a5 16. Rd1 Bd7 17. fxe5 dxe5 18. Nxb5 Ncxe4 19. c4 a4 20. Nec3 Nxc3 21. Qxc3
axb3 22. Na7 e4 23. Nxc8 Qxc8 24. Kh2 Be6 25. Bd4 Bxc4 26. Rc1 b2 27. Qxb2 Qa6
28. Bxf6 gxf6 29. Rxc4 Qxc4 30. Rf4 Bd6 31. Rxe4 Qd3 32. Qf2 Rb8 33. Rd4 Qxa3
34. Qf3 Qxf3 35. Bxf3 Rb2+ 36. Kh1 Bxg3 37. Bxh5 Rh2+ 38. Kg1 Rxh3 39. Bf3 Be5
40. Rd8+ Kg7 41. Bd5 Rd3 42. Kf1 Rd2 43. Rd7 Kh6 44. Be6 Rb2 45. Rxf7 Kg5 46.
Rg7+ Kf4 47. Rg2 Rb1+ 48. Ke2 Ke4 49. Bc4 Rb2+ 50. Kf1 Rb4 51. Re2+ Kd4 52. Be6
Bf4 53. Kf2 Bg5 1/2-1/2

[Event "BL 1617 Schachfr. Berlin - OSG Baden Ba"]
[Site "?"]
[Date "2017.04.09"]
[Round "12.4"]
[White "Mista, Aleksander"]
[Black "Shirov, Alexei"]
[Result "1/2-1/2"]
[WhiteElo "2604"]
[BlackElo "2693"]
[PlyCount "191"]
[EventDate "2017.??.??"]

1. e4 e5 2. Nf3 Nc6 3. Bb5 a6 4. Ba4 Nf6 5. O-O Be7 6. Re1 b5 7. Bb3 d6 8. c3
O-O 9. h3 Nb8 10. d4 Nbd7 11. Nbd2 Bb7 12. Bc2 Re8 13. Nf1 Bf8 14. Ng3 g6 15.
a4 c5 16. d5 c4 17. Bg5 Be7 18. Bh6 Bf8 19. Qd2 Bxh6 20. Qxh6 Qe7 21. Rf1 Reb8
22. Nd2 Bc8 23. Ne2 bxa4 24. Nxc4 a5 25. Qe3 Ba6 26. Nxa5 Rxb2 27. Nc6 Qf8 28.
Nb4 Nc5 29. Rfe1 Bxe2 30. Rxe2 a3 31. Ree1 Na6 32. Rec1 Nxb4 33. cxb4 Rc8 34.
Bb1 Rxc1+ 35. Qxc1 Qb8 36. Rxa3 Qxb4 37. Ra1 Kg7 38. Bd3 Qd4 39. Qe3 Qxe3 40.
fxe3 Rd2 41. Ra3 h5 42. g3 Nd7 43. Bf1 Nc5 44. Bg2 Rd3 45. Rxd3 Nxd3 46. Kf1
Kf6 47. Ke2 Nc5 48. Bf3 Kg5 49. h4+ Kh6 50. Kd2 f6 51. Kc3 g5 52. Kc4 g4 53.
Bg2 Kg7 54. Bh1 Kf7 55. Bg2 Ke7 56. Bh1 Kd7 57. Bg2 Kc7 58. Bh1 Kb6 59. Bg2 Ka5
60. Bh1 Ka4 61. Bg2 Ka5 62. Bh1 Na4 63. Bg2 Nb6+ 64. Kc3 Kb5 65. Bf1+ Kc5 66.
Bg2 Nc4 67. Kd3 Kb4 68. Bf1 Nb6 69. Kc2 Na4 70. Bg2 Nc3 71. Kd3 Kb3 72. Bh1 Na4
73. Bg2 Nc5+ 74. Kd2 Kb2 75. Bh1 Kb3 76. Bg2 Kc4 77. Kc2 Kb4 78. Bh1 Nd7 79.
Bg2 Nb6 80. Bh1 Nc8 81. Kd3 Ne7 82. Bg2 Kc5 83. Bh1 f5 84. exf5 Nxf5 85. e4 Nd4
86. Bg2 Kb4 87. Bf1 Nb3 88. Ke3 Nc5 89. Be2 Nd7 90. Ba6 Nb6 91. Kd3 Kc5 92. Bb7
Nd7 93. Bc8 Nf6 94. Bf5 Kb4 95. Bg6 Kb3 96. Bf5 1/2-1/2

[Event "BL 1617 Schachfr. Berlin - OSG Baden Ba"]
[Site "?"]
[Date "2017.04.09"]
[Round "12.5"]
[White "Naiditsch, Arkadij"]
[Black "Schreiner, Peter"]
[Result "1-0"]
[WhiteElo "2702"]
[BlackElo "2482"]
[PlyCount "149"]
[EventDate "2017.??.??"]

1. e4 e5 2. Nf3 Nc6 3. Bb5 a6 4. Ba4 Nf6 5. O-O b5 6. Bb3 Bb7 7. Nc3 Be7 8. d3
O-O 9. a4 Na5 10. Ba2 b4 11. Ne2 d5 12. Nxe5 dxe4 13. d4 c5 14. dxc5 Qc7 15.
Bf4 Qxc5 16. c3 Rad8 17. cxb4 Qxb4 18. Qe1 Qxe1 19. Rfxe1 Bd5 20. Bd2 Nc6 21.
Nxc6 Bxc6 22. Ba5 Rb8 23. Bc3 Bb4 24. Bc4 Bxc3 25. Nxc3 Rxb2 26. Bxa6 Ra8 27.
Bf1 Ra5 28. Rec1 g6 29. Nd1 Rb6 30. Ne3 Bd5 31. Rc7 Be6 32. Nc4 Bxc4 33. Bxc4
Rb4 34. Bxf7+ Kg7 35. Bb3+ Kh6 36. Bd1 e3 37. Kf1 exf2 38. Kxf2 Nd5 39. Rcc1
Rf4+ 40. Kg3 Rd4 41. Ra3 Rd2 42. h3 Ne7 43. Kh2 Nf5 44. Rca1 Rb2 45. R1a2 Rb4
46. Rd2 Rb7 47. Rad3 Re7 48. Kg1 Re1+ 49. Kf2 Ree5 50. Bb3 Ra8 51. Rd8 Ra6 52.
R8d7 Rf6 53. Rf7 Rb6 54. Rd5 Re4 55. Rd3 Rf4+ 56. Kg1 Rfb4 57. Bd1 Rb1 58. Kh2
Rd6 59. Bc2 Rc1 60. Rxd6 Nxd6 61. Rf2 Ra1 62. Rf4 Ra2 63. Bd3 Rd2 64. Rf3 Ra2
65. Rf6 Nb7 66. Bb5 Nc5 67. Rf4 Ra1 68. Rh4+ Kg7 69. Rc4 Nb3 70. Kg3 h5 71. Kf4
Nd2 72. Rc2 Nb3 73. Kg5 Nd4 74. Rc7+ Kf8 75. Kf6 1-0

[Event "BL 1617 Schachfr. Berlin - OSG Baden Ba"]
[Site "?"]
[Date "2017.04.09"]
[Round "12.6"]
[White "Lauber, Arnd"]
[Black "Movsesian, Sergei"]
[Result "0-1"]
[WhiteElo "2426"]
[BlackElo "2677"]
[PlyCount "86"]
[EventDate "2017.??.??"]

1. d4 Nf6 2. c4 e6 3. Nc3 Bb4 4. e3 d5 5. Bd3 O-O 6. Nf3 c5 7. cxd5 exd5 8.
dxc5 Nbd7 9. O-O Nxc5 10. Be2 Bxc3 11. bxc3 Qa5 12. c4 dxc4 13. Bxc4 Bg4 14.
Bb2 Nce4 15. Qe1 Qa4 16. Bb3 Qa6 17. Nd4 Nc5 18. Bc2 Rfe8 19. f3 Bd7 20. Nf5
Bxf5 21. Bxf5 Rad8 22. Qh4 h6 23. Bd4 Rd5 24. Qh3 Qd6 25. Rac1 b6 26. Bb1 Nh5
27. Kh1 Qe7 28. Bc2 Red8 29. Bf5 Nf6 30. Bc2 Rg5 31. Qh4 Ne6 32. Bc3 Rgd5 33.
e4 R5d7 34. e5 Nd5 35. Qxe7 Rxe7 36. Bd2 Nd4 37. f4 f6 38. exf6 Re2 39. Rfd1
Nxc2 40. Rxc2 Nxf6 41. Kg1 Ng4 42. h3 Ne3 43. Be1 Rxe1+ 0-1

[Event "BL 1617 Schachfr. Berlin - OSG Baden Ba"]
[Site "?"]
[Date "2017.04.09"]
[Round "12.7"]
[White "Meier, Georg"]
[Black "Baldauf, Marco"]
[Result "1-0"]
[WhiteElo "2621"]
[BlackElo "2456"]
[PlyCount "67"]
[EventDate "2017.??.??"]

1. Nf3 Nf6 2. c4 g6 3. b3 Bg7 4. Bb2 c5 5. g3 b6 6. Bg2 Bb7 7. O-O O-O 8. Nc3
d6 9. d4 cxd4 10. Qxd4 Nbd7 11. Ne1 Bxg2 12. Nxg2 Qc8 13. Nd5 Re8 14. Rac1 Qb7
15. Nge3 Rac8 16. Rfd1 a6 17. Qd2 Rc5 18. Bd4 Rc6 19. a4 Rcc8 20. Qb2 Nxd5 21.
Nxd5 Bh6 22. Rb1 b5 23. a5 e6 24. Nb6 Nxb6 25. Bxb6 bxc4 26. bxc4 Rxc4 27. Rxd6
Rec8 28. Rbd1 Rc1 29. Qf6 Bf8 30. R6d3 Qe7 31. Qxe7 Bxe7 32. Kg2 R1c2 33. Rd7
Bf6 34. e4 1-0

[Event "BL 1617 Schachfr. Berlin - OSG Baden Ba"]
[Site "?"]
[Date "2017.04.09"]
[Round "12.8"]
[White "Thiede, Lars"]
[Black "Nielsen, Peter Heine"]
[Result "1/2-1/2"]
[WhiteElo "2424"]
[BlackElo "2639"]
[PlyCount "43"]
[EventDate "2017.??.??"]

1. c4 Nf6 2. g3 e6 3. Nf3 d5 4. b3 Be7 5. Bg2 O-O 6. O-O c5 7. e3 Nc6 8. Bb2 d4
9. exd4 cxd4 10. Re1 Bc5 11. Ne5 Nxe5 12. Rxe5 Nd7 13. Re1 e5 14. a3 a5 15. d3
Re8 16. Nd2 Rb8 17. Bc1 Bf8 18. Rb1 h6 19. b4 axb4 20. axb4 b6 21. Qe2 Nf6 22.
Ne4 1/2-1/2

[Event "BL 1617 SK König Tegel - SP Schwegenhe"]
[Site "?"]
[Date "2017.04.09"]
[Round "12.1"]
[White "Neiksans, Arturs"]
[Black "Stern, Rene"]
[Result "1/2-1/2"]
[WhiteElo "2599"]
[BlackElo "2506"]
[PlyCount "240"]
[EventDate "2017.??.??"]

1. e4 e5 2. Nf3 Nc6 3. Bb5 a6 4. Ba4 Nf6 5. O-O Be7 6. Re1 b5 7. Bb3 d6 8. c3
O-O 9. h3 Na5 10. Bc2 c5 11. d4 Qc7 12. Nbd2 Nc6 13. d5 Nd8 14. a4 Rb8 15. axb5
axb5 16. b4 Nb7 17. Nf1 Bd7 18. Bd2 Ra8 19. Ne3 Rfb8 20. Bd3 c4 21. Bc2 Rxa1
22. Qxa1 Qc8 23. Qb2 Ra8 24. Ra1 g6 25. Nf1 Ne8 26. Ng3 Nd8 27. Kh2 f6 28. Ng1
Rxa1 29. Qxa1 Qb7 30. f4 exf4 31. Bxf4 Nf7 32. Nf3 Ng7 33. Be3 Bd8 34. Qa7 Qxa7
35. Bxa7 Ne8 36. Kg1 Nc7 37. Kf2 Na8 38. Nf1 Bb6+ 39. Bxb6 Nxb6 40. N1d2 Ne5
41. Nd4 Kf7 42. Nb1 Na8 43. Na3 Nc7 44. Ke3 Ke7 45. Kd2 Kf7 46. Bb1 Ke7 47.
Nac2 Kf7 48. Ne1 Ke7 49. Nec2 Kf7 50. Ne3 Ke7 51. Bc2 Kf7 52. Bd1 Ke7 53. Bg4
Nxg4 54. hxg4 h6 55. Ke1 Kf7 56. Kf2 Ke7 57. Kg3 Kf7 58. Kf3 Ke7 59. Nec2 Kf7
60. Ne2 Ke7 61. Nf4 Kf7 62. Nd4 Be8 63. Nde6 Na8 64. Ne2 Ke7 65. N2d4 Bd7 66.
Nf4 Be8 67. Ke3 Nc7 68. Nde6 Na8 69. Kd2 Bf7 70. Nd4 Be8 71. Ke2 Nc7 72. Ke3
Na8 73. Nf3 Kd7 74. Kf2 Nc7 75. Kg3 Bf7 76. Nd4 Ke7 77. Kf3 Be8 78. Nc2 Kf7 79.
Ne2 Ke7 80. Ncd4 Bd7 81. Kg3 Be8 82. Nf4 Na8 83. Nc6+ Kf7 84. Ne6 Bxc6 85. Nd8+
Ke8 86. Nxc6 Nc7 87. Nd4 Ke7 88. Kf3 Kf7 89. Nc6 Ke8 90. Ke3 Kd7 91. Nd4 Ke7
92. Ne2 Kf7 93. Nf4 Ne8 94. Ne6 Ke7 95. Nd4 Nc7 96. Ke2 Kf7 97. Nc6 Ke8 98. Na7
Kd7 99. Ke3 Kd8 100. Nc6+ Kd7 101. Nd4 Ke7 102. Kf2 Kf7 103. Kf3 Ke7 104. Ne2
Kf7 105. Nf4 Ne8 106. Ne6 Ke7 107. Ke3 Kf7 108. Kd4 Ke7 109. g3 Kf7 110. Nd8+
Ke7 111. Nc6+ Kd7 112. Ke3 Nc7 113. Nd4 Ke7 114. Kf3 Kf7 115. Nc6 Ke8 116. Kf4
Kd7 117. Ke3 Ke8 118. Kf2 Kd7 119. Nd4 Ke7 120. Kf3 Kf7 1/2-1/2

[Event "BL 1617 SK König Tegel - SP Schwegenhe"]
[Site "?"]
[Date "2017.04.09"]
[Round "12.2"]
[White "Rabiega, Robert"]
[Black "Feller, Sebastien"]
[Result "1-0"]
[WhiteElo "2510"]
[BlackElo "2575"]
[PlyCount "149"]
[EventDate "2017.??.??"]

1. e4 e5 2. Nf3 Nc6 3. Bc4 Bc5 4. d3 Nf6 5. O-O d6 6. c3 h6 7. Re1 O-O 8. Nbd2
a6 9. Bb3 Ba7 10. Nf1 Re8 11. Ng3 Be6 12. Bc2 d5 13. exd5 Nxd5 14. h3 Qd6 15.
Nh4 Qd8 16. Nhf5 Qf6 17. Qf3 g6 18. Nxh6+ Kg7 19. Qxf6+ Nxf6 20. Ne4 Nh7 21. h4
Rad8 22. g4 f5 23. gxf5 gxf5 24. Ng5 Nxg5 25. Bxg5 Rd7 26. d4 e4 27. f3 Ne5 28.
fxe4 Nf3+ 29. Kf2 Nxe1 30. Rxe1 fxe4 31. Bxe4 Bxa2 32. Bxb7 Rxe1 33. Kxe1 Bb1
34. Ng4 Rd6 35. b4 Rb6 36. Bc8 a5 37. bxa5 Rb8 38. Bd7 Rb3 39. Kd2 Ra3 40. Bf4
Ra2+ 41. Ke1 Ra1 42. Kd2 Ra2+ 43. Kc1 Be4 44. Be5+ Kf7 45. Nf6 Bd3 46. Nd5 Rxa5
47. Nb4 Be4 48. Bxc7 Ra1+ 49. Kd2 Bxd4 50. cxd4 Ra7 51. Bc6 Bxc6 52. Bb8 Ra3
53. Nxc6 Ke6 54. Be5 Rh3 55. Nb4 Kf5 56. Nd5 Rxh4 57. Kd3 Ke6 58. Kc4 Kf5 59.
Ne7+ Ke4 60. Nc8 Rh1 61. Nd6+ Ke3 62. d5 Rc1+ 63. Bc3 Rd1 64. Kc5 Rxd5+ 65.
Kxd5 Kf4 66. Be5+ Ke3 67. Nc4+ Kf3 68. Kd4 Ke2 69. Ke4 Kf2 70. Bf4 Ke2 71. Be3
Ke1 72. Nd2 Ke2 73. Kd4 Ke1 74. Kd3 Kd1 75. Bf2 1-0

[Event "BL 1617 SK König Tegel - SP Schwegenhe"]
[Site "?"]
[Date "2017.04.09"]
[Round "12.3"]
[White "Kantans, Toms"]
[Black "Richter, Michael"]
[Result "1-0"]
[WhiteElo "2468"]
[BlackElo "2495"]
[PlyCount "157"]
[EventDate "2017.??.??"]

1. e4 e6 2. d4 d5 3. Nd2 Nc6 4. Ngf3 Nf6 5. e5 Nd7 6. c4 dxc4 7. Nxc4 Nb6 8. a3
Bd7 9. Be3 Be7 10. Rc1 Nd5 11. Bd3 a5 12. O-O h6 13. Bb1 Qb8 14. h4 Qa7 15. h5
a4 16. Ncd2 Na5 17. Bc2 b5 18. Ne1 Nc4 19. Nxc4 bxc4 20. Be4 Rb8 21. Rxc4 Bb5
22. Rc2 Bxf1 23. Kxf1 Nxe3+ 24. fxe3 O-O 25. Nd3 Rb3 26. Qc1 f5 27. exf6 Rxf6+
28. Kg1 Bd6 29. Nc5 Bxc5 30. Rxc5 Qa6 31. Rxc7 Rb8 32. Bf3 Qd6 33. Rc8+ Rf8 34.
Rxb8 Rxb8 35. Bd1 Qa6 36. Qc2 Qb5 37. Qg6 Qf5 38. Qxf5 exf5 39. Bxa4 Rxb2 40.
Kf1 Kf7 41. Bc6 Ke6 42. a4 Ra2 43. g3 Kd6 44. Bb5 Ke7 45. Ke1 Kf6 46. Kd1 g6
47. hxg6 Rg2 48. a5 Rxg3 49. Kd2 Rxg6 50. a6 Rg1 51. Kc3 Ke7 52. Kb4 Kd6 53. d5
h5 54. Be8 Ra1 55. Ba4 Rg1 56. Bc2 Ra1 57. Kb5 Kxd5 58. Bxf5 Ke5 59. Bc2 h4 60.
Ba4 Rb1+ 61. Ka5 h3 62. a7 h2 63. a8=Q h1=Q 64. Qe8+ Kf6 65. Qf8+ Ke6 66. Qe8+
Kf6 67. Qd8+ Ke6 68. Bd7+ Kf7 69. Qe8+ Kg7 70. Qe5+ Kh6 71. Qf6+ Kh7 72. Bf5+
Kg8 73. Be6+ Kh7 74. Qf7+ Kh6 75. Qf8+ Kg6 76. Bf7+ Kg5 77. Qg7+ Kh4 78. Qf6+
Kh3 79. Qh6+ 1-0

[Event "BL 1617 SK König Tegel - SP Schwegenhe"]
[Site "?"]
[Date "2017.04.09"]
[Round "12.4"]
[White "Moreno Tejera, Emilio"]
[Black "Meskovs, Nikita"]
[Result "0-1"]
[WhiteElo "2426"]
[BlackElo "2510"]
[PlyCount "86"]
[EventDate "2017.??.??"]

1. e4 c5 2. Nf3 e6 3. d4 cxd4 4. Nxd4 Nc6 5. Nc3 Qc7 6. g3 a6 7. Bg2 Nf6 8. O-O
Be7 9. a4 O-O 10. Nb3 d6 11. f4 Rd8 12. Qe2 d5 13. e5 Nd7 14. Be3 Nb6 15. Bf2
Nc4 16. Nd1 Rb8 17. Nc1 b5 18. axb5 axb5 19. Nd3 b4 20. b3 Na3 21. g4 Ba6 22.
Qd2 Na5 23. Ra2 Rdc8 24. Ne1 Bxf1 25. Bxf1 Bc5 26. Bd3 Nb1 27. Qe2 Nc3 28. Nxc3
bxc3 29. Nf3 Rb4 30. Kg2 Rxf4 31. Bg3 Rxg4 32. h3 Rxg3+ 33. Kxg3 Nc6 34. Ra1 f6
35. Kg2 Nxe5 36. Nxe5 Qxe5 37. Qxe5 fxe5 38. Ra6 Kf7 39. Be2 g6 40. Rxe6 Kxe6
41. Bg4+ Kf6 42. Bxc8 e4 43. Kf1 d4 0-1

[Event "BL 1617 SK König Tegel - SP Schwegenhe"]
[Site "?"]
[Date "2017.04.09"]
[Round "12.5"]
[White "Starostits, Ilmars"]
[Black "Muse, Mladen"]
[Result "1/2-1/2"]
[WhiteElo "2409"]
[BlackElo "2385"]
[PlyCount "73"]
[EventDate "2017.??.??"]

1. d4 Nf6 2. Nf3 e6 3. e3 b6 4. Bd3 Bb7 5. O-O c5 6. b3 Be7 7. Bb2 O-O 8. Nbd2
Nc6 9. a3 d6 10. c4 cxd4 11. exd4 d5 12. Rc1 dxc4 13. bxc4 Rc8 14. Nb3 Qd6 15.
Re1 Rfd8 16. Qe2 Bf8 17. Ng5 Re8 18. Qf3 h6 19. Bh7+ Nxh7 20. Qxf7+ Kh8 21.
Nxh7 Kxh7 22. Qxb7 Rc7 23. Qa6 Qf4 24. d5 Rf7 25. Rc2 Bd6 26. g3 Qf5 27. Rd2
Ne5 28. Bxe5 Bxe5 29. Qb5 Bc3 30. Qxe8 Bxd2 31. Re2 Be3 32. Nd2 Bxf2+ 33. Kg2
exd5 34. Re5 Qf6 35. Re6 Qf5 36. Re5 Qf6 37. Re6 1/2-1/2

[Event "BL 1617 SK König Tegel - SP Schwegenhe"]
[Site "?"]
[Date "2017.04.09"]
[Round "12.6"]
[White "Bruedigam, Martin"]
[Black "Shytaj, Luca"]
[Result "1-0"]
[WhiteElo "2403"]
[BlackElo "2456"]
[PlyCount "77"]
[EventDate "2017.??.??"]

1. e4 c5 2. Nf3 b6 3. g3 Bb7 4. d3 g6 5. Bg2 Bg7 6. O-O Nc6 7. c3 d5 8. Qe2 e6
9. e5 Qc7 10. d4 Nge7 11. Na3 a6 12. Rd1 b5 13. Bf4 h6 14. h4 b4 15. cxb4 cxb4
16. Nc2 Nf5 17. Qd2 Qb6 18. Ne3 Nxe3 19. Bxe3 Ne7 20. Bh3 Rc8 21. Rac1 a5 22.
Ne1 Rxc1 23. Rxc1 Nc6 24. Nd3 Ke7 25. Nc5 Ba8 26. Qd3 Nd8 27. a3 Bc6 28. axb4
Qxb4 29. Bd2 Qxb2 30. Rb1 Qa2 31. Rb6 Re8 32. Ra6 Kf8 33. Bxa5 Qb2 34. Bf1 Nb7
35. Rxc6 Nxa5 36. Rc7 Nc4 37. Qf3 f5 38. exf6 Bh8 39. Nd7+ 1-0

[Event "BL 1617 SK König Tegel - SP Schwegenhe"]
[Site "?"]
[Date "2017.04.09"]
[Round "12.7"]
[White "Csonka, Attila Istvan"]
[Black "Fruebing, Stefan"]
[Result "0-1"]
[WhiteElo "2355"]
[BlackElo "2392"]
[PlyCount "198"]
[EventDate "2017.??.??"]

1. e4 c5 2. Nf3 Nc6 3. d4 cxd4 4. Nxd4 g6 5. Nb3 Nf6 6. Nc3 Bg7 7. Be2 O-O 8.
O-O d6 9. Re1 Be6 10. Bf1 d5 11. Nc5 Bg4 12. f3 d4 13. Ne2 Bc8 14. c3 dxc3 15.
Nxc3 Qb6 16. N3a4 Qc7 17. Be3 Nd7 18. Nxd7 Bxd7 19. Rc1 Rfd8 20. Qc2 Qa5 21. b3
Rac8 22. Qc5 Qc7 23. Qg5 Bf6 24. Qh6 Qa5 25. Nc5 Qxa2 26. Nxb7 Rf8 27. Nc5 Be8
28. Qh3 Rd8 29. Qg3 Be5 30. f4 Bd4 31. Bxd4 Rxd4 32. Qf2 Qa5 33. Red1 Rxd1 34.
Rxd1 Nb8 35. Qd4 Bb5 36. b4 Qb6 37. Bxb5 Qxb5 38. Nd3 Nc6 39. Qc5 Qxc5+ 40.
Nxc5 Nxb4 41. Rd7 Rc8 42. Rb7 Rxc5 43. Rxb4 e5 44. fxe5 Rxe5 45. Rb7 Ra5 46.
Kf2 Ra3 47. e5 h6 48. h4 h5 49. Rb8+ Kg7 50. Re8 Ra4 51. g3 a5 52. Kf3 Rb4 53.
e6 fxe6 54. Rxe6 a4 55. Ra6 Kf7 56. Ra7+ Ke8 57. Ra6 Rg4 58. Rd6 Ke7 59. Rd5
Ke6 60. Rd8 Ke5 61. Rd7 Rd4 62. Rg7 Rd3+ 63. Kg2 Kf6 64. Ra7 a3 65. Ra5 Rd2+
66. Kf3 a2 67. Kf4 Ke6 68. Ra6+ Kd5 69. Kg5 Kc4 70. Kxg6 Rd6+ 71. Rxd6 a1=Q 72.
Rf6 Qd1 73. Rf5 Qd3 74. Kg5 Qxg3+ 75. Kxh5 Kd4 76. Rg5 Qf2 77. Kg4 Ke4 78. Kh5
Qf7+ 79. Kh6 Kf4 80. Rg6 Qf8+ 81. Rg7 Qf6+ 82. Kh7 Qxh4+ 83. Kg8 Kf5 84. Rf7+
Ke6 85. Rg7 Qh5 86. Ra7 Qg5+ 87. Rg7 Qd8+ 88. Kh7 Kf6 89. Rg6+ Kf5 90. Rg7 Qe8
91. Rg1 Qe7+ 92. Rg7 Qe6 93. Rg1 Qf7+ 94. Rg7 Qh5+ 95. Kg8 Kf6 96. Rg3 Qe8+ 97.
Kh7 Qe4+ 98. Kg8 Qa8+ 99. Kh7 Qb7+ 0-1

[Event "BL 1617 SK König Tegel - SP Schwegenhe"]
[Site "?"]
[Date "2017.04.09"]
[Round "12.8"]
[White "Sarbok, Torsten"]
[Black "Mager, Denis"]
[Result "1/2-1/2"]
[WhiteElo "2304"]
[BlackElo "2307"]
[PlyCount "47"]
[EventDate "2017.??.??"]

1. e4 c5 2. Nf3 d6 3. d4 cxd4 4. Nxd4 Nf6 5. Nc3 a6 6. h3 e5 7. Nf3 Be7 8. a4
Nc6 9. Bc4 O-O 10. O-O Be6 11. Qe2 Rc8 12. Ba2 Nb4 13. Bxe6 fxe6 14. Rd1 Nc6
15. Be3 h6 16. a5 Qe8 17. Ra4 Nh5 18. g3 Qg6 19. Kh2 Rf7 20. Nb1 Rcf8 21. Nbd2
d5 22. Bb6 d4 23. Rf1 Rf6 24. c3 1/2-1/2

[Event "BL 1617 SV Griesheim - SV Hockenheim"]
[Site "?"]
[Date "2017.04.29"]
[Round "13.1"]
[White "Buhmann, Rainer"]
[Black "Georgiadis, Nicolas"]
[Result "1/2-1/2"]
[WhiteElo "2609"]
[BlackElo "2478"]
[PlyCount "101"]
[EventDate "2017.??.??"]

1. Nf3 Nf6 2. c4 e6 3. g3 d5 4. d4 Bb4+ 5. Bd2 Bd6 6. Nc3 O-O 7. Bg5 c6 8. Bg2
h6 9. Bxf6 Qxf6 10. e4 dxe4 11. Nxe4 Bb4+ 12. Nc3 c5 13. O-O cxd4 14. Ne4 Qd8
15. a3 Be7 16. Nxd4 e5 17. Nb5 Nc6 18. Ned6 a6 19. Nxc8 Rxc8 20. Nc3 Bc5 21. b4
Bd4 22. Rc1 Qe7 23. Re1 Rfe8 24. Qh5 Rcd8 25. Bd5 Rd7 26. Qf3 Nd8 27. h4 Ne6
28. Ne4 a5 29. Rb1 axb4 30. axb4 Kh8 31. Kg2 Rc8 32. Qg4 Rf8 33. Bxe6 Qxe6 34.
Qxe6 fxe6 35. Re2 Ra8 36. c5 Kg8 37. Rc2 Kf8 38. Rb3 Rc7 39. h5 Ke7 40. g4 Kd7
41. b5 Ke7 42. c6 Rb8 43. Ra3 bxc6 44. Rxc6 Rxc6 45. bxc6 Rc8 46. Ra6 Kd8 47.
c7+ Ke7 48. Rc6 Kd7 49. Rd6+ Ke7 50. Rc6 Kd7 51. Rd6+ 1/2-1/2

[Event "BL 1617 SV Griesheim - SV Hockenheim"]
[Site "?"]
[Date "2017.04.29"]
[Round "13.2"]
[White "Krassowizkij, Jaroslaw"]
[Black "Wagner, Dennis"]
[Result "1/2-1/2"]
[WhiteElo "2453"]
[BlackElo "2577"]
[PlyCount "74"]
[EventDate "2017.??.??"]

1. d4 Nf6 2. c4 e6 3. Nc3 Bb4 4. e3 O-O 5. Bd3 d5 6. Nf3 b6 7. O-O Bb7 8. cxd5
exd5 9. a3 Bd6 10. b4 Nbd7 11. Qb3 c6 12. e4 dxe4 13. Nxe4 Nxe4 14. Bxe4 h6 15.
b5 Qc7 16. Bb2 Nf6 17. Bxc6 Bxc6 18. bxc6 Qxc6 19. a4 Qd5 20. Qxd5 Nxd5 21. Ba3
Bxa3 22. Rxa3 Rac8 23. Re1 Rc2 24. g3 Rfc8 25. Re5 Rd8 26. Kf1 f6 27. Re2 Rdc8
28. Rxc2 Rxc2 29. Nh4 Nc3 30. Nf5 Ne4 31. f3 Nd2+ 32. Ke1 Nc4 33. Rd3 Kf7 34.
d5 Rc1+ 35. Ke2 Rc2+ 36. Ke1 Rc1+ 37. Ke2 Rc2+ 1/2-1/2